书目信息 |
| 题名: |
飘来飘去
|
|
| 作者: | 爱德华兹 著 ;吴壬林 译 | |
| 分册: | ||
| 出版信息: | 哈尔滨 黑龙江人民出版社 1989.11 |
|
| 页数: | 389页 | |
| 开本: | 19cm | |
| 丛书名: | ||
| 单 册: | ||
| 中图分类: | K837.125.6 | |
| 科图分类: | ||
| 主题词: | ||
| 电子资源: | ||
| ISBN: | 7-207-01145-8 | |
| 000 | 00966nam0 2200265 45 | |
| 001 | 0192012943 | |
| 005 | 20040615105027.2 | |
| 010 | @a7-207-01145-8@dCNY5.30 | |
| 020 | @aCN@b92012943 | |
| 100 | @a19921204d1989 em y0chiy0121 ea | |
| 101 | 1 | @achi@ceng |
| 102 | @aCN@b230000 | |
| 105 | @ay z 000zb | |
| 106 | @ar | |
| 200 | 10 | @a飘来飘去@Apiao lai piao qu@e《乱世佳人》的作者玛格丽特·米切尔传记@Eluan shi jia ren de zuo zhe ma ge li te mi qie er chuan ji@f(美)爱德华兹著@Fmei ai de hua zi zhu@g吴壬林等译 |
| 210 | @a哈尔滨@c黑龙江人民出版社@d1989.11@h1992.2印 | |
| 215 | @a389页@d19cm | |
| 314 | @a安妮·爱德华兹,女,美国传记作家 | |
| 540 | 1 | @a飘来 飘去 乱世佳人 作者 米切尔@Apiao lai piao qu luan shi jia ren zuo zhe mi qie er |
| 600 | 1 | @a米切尔@bM.@x传记 |
| 690 | @aK837.125.6@v3 | |
| 701 | 1 | @a爱德华兹@Aai de hua zi@b安妮@4著 |
| 702 | 0 | @a吴壬林@Awu ren lin@4译 |
| 801 | 0 | @aCN@bNLC@c19921204 |
| 905 | @f1@b267548@dK837.125.6@e307 | |
| 飘来飘去:《乱世佳人》的作者玛格丽特·米切尔传记/(美)爱德华兹著/吴壬林等译.-哈尔滨:黑龙江人民出版社,1989.11(1992.2印) |
| 389页;19cm |
| ISBN 7-207-01145-8:CNY5.30 |
| ● |
| 相关链接 |
|
|
|
|
正题名:飘来飘去
索取号:K837.125.6/307
 
预约/预借
| 序号 | 登录号 | 条形码 | 馆藏地/架位号 | 状态 | 备注 |
| 1 | 0267548 | 001492405 | 密集书库/ [索取号:K837.125.6/307] | 在馆 | |
| 2 | 0267549 | 001547749 | 第二样本阅览室/ [索取号:K837.125.6/307] | 在馆 |